| 000 | 00000nas 2200000za 4500 |
| 001 | 9.512827 |
| 003 | CaOODSP |
| 005 | 20200511153858 |
| 007 | ta |
| 008 | 150406d1992199uonc x m #||||f| |0fre|d |
| 040 | |aCaOODSP|bfre |
| 043 | |an-cn--- |
| 086 | 1 |aA42-55F |
| 130 | 0 |aCRTRB contribution. |
| 245 | 10|aCRTRB contribution. |
| 260 | |a[Ottawa] : |bAgriculture et Agroalimentaire Canada, Direction générale de la recherche, |c1992-[1996?] |
| 310 | |aIrrégulier |
| 563 | |aDépliant |
| 710 | 2 |aCentre de recherches sur les terres et les ressources biologiques (Canada) |
| 710 | 1 |aCanada. |bAgriculture et agroalimentaire Canada. |bDirection générale de la recherche. |
| 775 | 08|tCLBRR contribution.|w(CaOODSP)9.514403 |
| 776 | 0#|tCRTRB contribution |w(CaOODSP)9.846666 |